LEADER 01279nam a2200253 i 4500 001 000000191527 003 CaOOAMICUS 005 20100809000000.0 008 100809s1978 it u000 u ita u 013 $a170083 040 $aSeMil$bita 100 1 $aQuacquarelli, Antonio.$0(OLS)http://semarc/name/3 245 13$aLa societā cristologica prima di Costantino e i riflessi nelle arti figurative /$cAntonio Quacquarelli. 260 $aBari :$bIstituto di Letteratura Cristiana Antica, Universitā degli Studi,$c1978. 300 $a176 p. :$bill. ;$c25 cm. 490 0 $aQuaderni di Vetera Christianorum ;$v13 650 4$aCristianesimo - Storia - Sec. 1.-3.$0(OLS)http://semarc/subject/36073 650 4$aArte paleocristiana - Storia - Sec. 1.-3. - Studi.$0(OLS)http://semarc/subject/36074 830 0$aQuaderni di Vetera Christianorum ;$v13.$0(OLS)http://semarc/title/31198 850 $aSeMil 852 $aSeMil$W1$xVenegono$y1$m2U IV 113$j142141$B142141$CSeMilBibl$Z2$F153669 $81 961 $aRecupero: Altro 996 $6245$aLa societā cristologica prima di Costantino e i riflessi nelle arti figurative$9(OLS)http://semarc/title/275986 996 $6260$aBari :$bIstituto di Letteratura Cristiana Antica, Universitā degli Studi$9(OLS)http://semarc/publisher/31057 LEADER 01409nam a2200301 4500 001 000000345800 003 CaOOAMICUS 005 20260113122022.0 008 210505s1986 it 000 u ita r 020 $a88-7610-168-3 040 $aSeMil$bita 100 0 $aIoannes Paulus II,$c.$0(OLS)http://semarc/name/646 240 10$aDominum et vivificantem.$0(OLS)http://semarc/title/434959 245 10$aLettera enciclica Dominum et vivificantem :$bsullo Spirito Santo nella vita della Chiesa e del mondo /$cdel sommo ponteficie Giovanni Paolo 2. 264 1$aMilano :$bĀncora,$c1986. 300 $a108 p. ;$c19 cm 650 4$aGiovanni Paolo II - Encicliche . Dominum et vivificantem.$0(OLS)http://semarc/subject/11893 850 $aSeMil 852 $aSeMil$W1$xVenegono$y1$m2A I 410$j226260$B236856$CSeMilBibl$Z2$F236856 $81 900 1 $aWojtyla, Karol,$d<1920-2005>. 900 0 $aGiovanni Paolo II$c. 961 $aMagni don Walter - Omaggio 996 $6020$a88-7610-168-3$9(OLS)http://semarc/number/293086 996 $6245$aLettera enciclica Dominum et vivificantem :$bsullo Spirito Santo nella vita della Chiesa e del mondo$9(OLS)http://semarc/title/434960 996 $6264$aMilano :$bĀncora$9(OLS)http://semarc/publisher/29763